Online Catalogue and eLibrary

Fate of the old devil dancer and other stories (Record no. 3174)

MARC details
000 -LEADER
fixed length control field 00554nam a2200145Ia 4500
005 - DATE AND TIME OF LATEST TRANSACTION
control field 20241009032529.0
008 - FIXED-LENGTH DATA ELEMENTS--GENERAL INFORMATION
fixed length control field 240331s9999 xx 000 0 und d
082 ## - DDC Classification
Item Number - Author Mark PER
Class No. 820
100 ## - MAIN ENTRY--PERSONAL NAME
Personal name Perera, I
245 #0 - TITLE STATEMENT
Title Fate of the old devil dancer and other stories
260 ## - PUBLICATION, DISTRIBUTION, ETC.
Place of publication, distribution, etc. Kelaniya
Name of publisher, distributor, etc. Siriniketha Gardens
Date of publication, distribution, etc. 1995
300 ## - PHYSICAL DESCRIPTION
Extent (e.g. Volumes, Pages etc.) 53 p .,
500 ## - GENERAL NOTE
General note Most of the stories written here are based on the true incidents recorded at the Coroners Courts in Sri Lanka. The Characters in these stories bear no relationship to any person living or Dead.
942 ## - Koha item type (Biblio)
Koha item type Books in Stacks (Lending)
Holdings
Lost status Damaged status Collection code Home library Current library Shelving location Date acquired Full call number Accession Number Item type
    Lending WERC Library WERC Library Social Science Cupboard 03/31/2024 820 PER 5088 Books in Stacks (Lending)

© WERC Library